Vplyv úrokovej miery na výšku dôchodkov z II. piliera
Problematika II. pilieru dôchodkového zabezpečenia s rozobratím anuitnej novely a jej aplikovaním na výpočet doživotných starobných dôchodkov z tohto piliera. Analýza vplyvu výšky úrokovej miery pri stanovení hodnoty mesačného dôchodku. Porovnanie vplyvu maximálnej výšky technickej úrokovej miery st...
Na minha lista:
| Autor principal: | |
|---|---|
| Outros Autores: | |
| Formato: | Capítulo de Livro |
| Idioma: | eslovaco |
| Assuntos: | |
| Tags: |
Sem tags, seja o primeiro a adicionar uma tag!
|
MARC
| LEADER | 00000nla a2200000 4500 | ||
|---|---|---|---|
| 001 | 0210596 | ||
| 005 | 20240502073517.1 | ||
| 041 | 0 | |a slo | |
| 044 | |a SK | ||
| 245 | 1 | 0 | |a Vplyv úrokovej miery na výšku dôchodkov z II. piliera |c Jana Mihalechová, Mária Bilíková |
| 520 | |a Problematika II. pilieru dôchodkového zabezpečenia s rozobratím anuitnej novely a jej aplikovaním na výpočet doživotných starobných dôchodkov z tohto piliera. Analýza vplyvu výšky úrokovej miery pri stanovení hodnoty mesačného dôchodku. Porovnanie vplyvu maximálnej výšky technickej úrokovej miery stanovenej opatrením NBS a použitia bezrizikovej výnosovej krivky. Vyčíslenie veľkosti straty pre prípad jednej modelovej poistky. | ||
| 610 | 2 | 0 | |a miera úroková |
| 610 | 2 | 0 | |a matematika poistná |
| 610 | 2 | 0 | |a poistenie životné |
| 610 | 2 | 0 | |a dôchodky starobné |
| 100 | 1 | |a Mihalechová, Jana, 1988- | |
| 700 | 1 | |a Bilíková, Mária, 1951- | |